000 00583nam a2200229Ia 4500
003 OSt
005 20220918202037.0
006 a|||||r|||| 00| 0
007 ta
008 220917b |||||||| |||| 00| 0 eng d
024 _a98,335
037 _cTextual
040 _aARTS
_cARTS
_beng
041 _2eng
_aeng
082 _aV2:28:N7, K9
100 _aThakur R N
_9101935
245 0 _aAll India services
_b a study of their origin and growth
260 _c1969
650 _aHISTORY
942 _hV2:28:N7, K9
_cTEXL
_2CC
999 _c221927
_d221927